Opposite - Sabrina Carpenter - Statistics

General Stats
  • This quiz has been taken 230 times
    221 since last reset
  • The average score is 238 of 279
Answer Stats
Hint Answer % Correct
you
99%
I
97%
it
95%
like
95%
me
95%
so
95%
not
94%
a
92%
in
92%
it's
92%
look
92%
now
92%
opposite
92%
to
92%
do
91%
if
91%
Chorus She
90%
she
90%
why
90%
the
89%
be
87%
contacts
87%
even
87%
eyes
87%
happy
87%
her
87%
know
87%
looks
87%
nothin'
87%
and
86%
Post-Chorus And
86%
brown
86%
can
86%
change
86%
feel
86%
up
86%
when
86%
with
86%
cause
85%
have
85%
nothing
85%
that
85%
tried
85%
you're
85%
anyway
84%
end
84%
Outro End
84%
kinda
84%
Verse 1 Oh
84%
oh
84%
got
82%
just
82%
love
82%
as
81%
compliment
81%
could've
81%
find
81%
of
81%
type
81%
wanted
81%
were
81%
can't
80%
guess
80%
somehow
80%
take
80%
girl
78%
paris
78%
you'd
78%
public
77%
see
77%
should
77%
would
77%
feelin'
76%
get
76%
holdin'
75%
really
75%
tell
75%
think
75%
are
73%
but
73%
other
73%
out
72%
reply
72%
Verse 2 Does
71%
does
71%
notice
71%
say
71%
good
68%
im
68%
knew
68%
tryna
67%
said
66%
was
66%
beautiful
65%
don't
65%
on
65%
face
63%
bein'
62%
lied
62%
than
62%
bathe
61%
care
61%
more
61%
picture
61%
spotlight
61%
yall
59%
paintin'
58%
top
57%
wonderin'
56%
step
52%
No matching quizzes found
Score Distribution
Percent of People with Each Score
Percentile by Number Answered
Your Score History
You have not taken this quiz since the last reset